000 00631nam a2200205 4500
003 OSt
005 20240619073825.0
006 a
008 240619b |||||||| |||| 00| 0 eng d
020 _a9719919148
040 _aDWCL-Main lib.
_cOC
082 _aFil. 657.45 C117c 2011
100 _aCabrera, Ma. Elenita Balatbat
245 _aComprehensive reviewer in auditing theory /
260 _aManila, Philippines :
_bGIC Enterprises,
_cc2011.
300 _bv.p. ;
_c22 cm.
650 _a1. Accounting–Examinations, questions, etc.
650 _a2. Auditing–Examinations, questions, etc.
942 _2ddc
_n0
_cBK - FIL
_kFil.
999 _c910
_d910